000 00287nam a2200121Ia 4500
008 190216s9999||||xx |||||||||||||| ||und||
100 _aRonald W.
245 0 _aElectronic And Photonic Circuit And Devices
260 _bI E E E Press
300 _a217
650 _aPhysics
942 _cBK
999 _c34100
_d34100